Maestra sai... sono stato adottato (Record n. 217513)

Dettagli MARC
000 -LEADER
fixed length control field 01214nam a2200205Ia 4500
001 - CONTROL NUMBER
control field a1694-42983
003 - CONTROL NUMBER IDENTIFIER
control field IT-MiCISF
008 - FIXED-LENGTH DATA ELEMENTS--GENERAL INFORMATION
fixed length control field 161014s9999||||xx |||||||||||||| ||und||
040 ## - CATALOGING SOURCE
Original cataloging agency IT-MiCISF
Transcribing agency IT-MiCISF
041 ## - LANGUAGE CODE
Language code of text/sound track or separate title it
999 ## - SYSTEM CONTROL NUMBERS (KOHA)
Koha Dewey Subclass [OBSOLETE] si
100 ## - MAIN ENTRY--PERSONAL NAME
Personal name Polli Loredana
245 #0 - TITLE STATEMENT
Title Maestra sai... sono stato adottato
Remainder of title Piccolo vademecum di sopravvivenza per genitori e insegnanti
250 ## - EDITION STATEMENT
Edition statement 1a ed.
260 ## - PUBLICATION, DISTRIBUTION, ETC. (IMPRINT)
Place of publication, distribution, etc. Foggia
Name of publisher, distributor, etc. Editrice Mammeonline
Date of publication, distribution, etc. 2004
300 ## - PHYSICAL DESCRIPTION
Extent pp. 158
500 ## - GENERAL NOTE
General note / adozione, genitori-adottivi, figli-adottivi, scuola, esperienze / L'A. fa parte di un gruppo locale di genitori adottivi e con questo libro, attraverso l'esperienza di tante famiglie con cui ha avuto contatti negli anni, vuol far capire che uno dei momenti cruciali, per la crescita del bambino arrivato in famiglia con l'adozione, è il rapporto con la scuola. Non necessariamente una esperienza negativa, ma sicuramente delicata. Il lavoro svolto in questo libro intende porsi come piccolo vademecum per affrontare questo momento, con testimonianze, riflessioni e materiale da utilizzare in classe e a casa.
650 ## - SUBJECT ADDED ENTRY--TOPICAL TERM
Topical term or geographic name as entry element Genitorialità e problemi educativi / adozione-affido
Relator term 004
942 ## - ADDED ENTRY ELEMENTS (KOHA)
Koha item type LIBRO
957 ## -
-- 1
999 ## - SYSTEM CONTROL NUMBERS (KOHA)
-- 1
Dati di copia
Withdrawn status Lost status Damaged status Not for loan Home library Current library Date acquired Total Checkouts Full call number Date last seen Price effective from Koha item type Public note
    Buone Condizioni Not For Loan CISF - Milano CISF - Milano 14/10/2016   a1694-42983 14/10/2016 14/10/2016 LIBRO Data import 15.10.2016 / by Epidotti, Vaglietti
CREDITS: SOCIETA' SAN PAOLO Via A.Severo, 58 - ROMA (RM) & PERIODICI SAN PAOLO SRL Via Giotto, 36 MILANO & CISF Via Giotto, 36 MILANO & EDIZIONI SAN PAOLO SRL,  Piazza Soncino, 5 CINISELLO BALSAMO (MI) -- ITALY